Hinterhof : La mia vita da mistress /

Dasa Hink aveva una vita come tante: una relazione impegnata e monogama, un cane e il progetto di comprare una casa tutta sua. Fino a quando non decide di assecondare le sue curiosità nascoste e trasferirsi a Berlino.Qui, esplora e valorizza i tratti più esuberanti della sua personalità, abbandona l...

Celý popis

Uloženo v:
Podrobná bibliografie
Hlavní autor: Sommer, Mikkel (Autor)
Další autoři: Rakhmanko, Anna
Médium: Kniha
Jazyk:italština
Vydáno: Roma : Fandango Libri, 2023
Tagy: Přidat tag
Žádné tagy, Buďte první, kdo vytvoří štítek k tomuto záznamu!

MARC

LEADER 00000nam a22000007i 4500
001 IT\ICCU\LZ1\0008830
003 ItRI
005 20260115232120.0
008 230905s2023 it |||||| ||||| |||||c
020 |a 9788860449276 
040 |b ita  |c importazione bologna sebina 
041 7 |a ita  |2 ISO-639-2 
100 1 |a Sommer, Mikkel  |0 IT\ICCU\RMBV\292625  |4 aut 
240 1 0 |a Hinterhof  |3 IT\ICCU\BCT\0072770  |9 Sommer, Mikkel 
245 1 0 |a Hinterhof :  |b La mia vita da mistress /  |c Mikkel Sommer, Anna Rakhmanko ; traduzione di Claudia Valeria Letizia. 
260 |a Roma :  |b Fandango Libri,  |c 2023 
300 |a 144 p. :  |b ill. ;  |c 24 cm 
500 |a  Brossura 
520 |a Dasa Hink aveva una vita come tante: una relazione impegnata e monogama, un cane e il progetto di comprare una casa tutta sua. Fino a quando non decide di assecondare le sue curiosità nascoste e trasferirsi a Berlino.Qui, esplora e valorizza i tratti più esuberanti della sua personalità, abbandona la sua vita "nella norma" e si dedica alla sperimentazione, reinventandosi musicista, regista, performer e dominatrice.Nel "cortile sul retro" dove si trova il suo studio, Dasa incontra i suoi clienti e ne soddisfa i desideri reconditi, senza giudizi ma con un rispetto profondo per tutti i modi della sessualità, diventando una guru del BDSM.Attraverso la sua storia e quella di sette suoi clienti, Anna Rakhmanko e Mikkel Sommer raccontano un mondo, per molti alieno, di desideri e piaceri, intimità e fiducia.Il risultato è un ritratto-intervista dolce e allo stesso tempo intenso, esplicito senza essere volgare, con un'estetica delicata e non voyeristica.Il fumetto, già edito in danese e in tedesco, è un'opera intelligente e vivace in cui la protagonista rivendica la dignità del proprio lavoro, emendando la narrativa sui sex worker da tabù e concetti eterodeterminati.Un'occasione per indagare la propria libido e i propri desideri irrisolti (o comprendere meglio quelli di chi ci è accanto). 
700 1 |a Rakhmanko, Anna  |0 IT\ICCU\RMBV\292624 
942 |2 ddc  |c BK  |n 0 
952 |0 0  |1 0  |4 0  |6 F_741_594000000000000_SOM  |7 0  |9 20316  |a BO  |b BO  |d 2026-01-15  |i 20432  |l 0  |o F 741.594 SOM  |p BO20432  |r 2026-01-15 23:21:20  |w 2026-01-15  |x [Sebina 5] [1 v.]  |y BK  |z 1 v. 
999 |c 17333  |d 17333